| 000 | 00000nam 2200000za 4500 |
| 001 | 9.828431 |
| 003 | CaOODSP |
| 005 | 20250403105825 |
| 007 | cr ||||||||||| |
| 008 | 161130s1911 onc #of f000 0 fre d |
| 040 | |aCaOODSP|bfre |
| 041 | |aeng|afre |
| 043 | |an-cn--- |
| 045 | |ax1x1 |
| 086 | 1 |aCS98-1911I-2-PDF|zCS98-1911I-2 |
| 245 | 00|aFifth census of Canada 1911, instructions to officers, commissioners and enumerators.|h[ressource électronique]. |
| 246 | 15|aCinquième recensement du Canada 1911, instructions à l'usage des fonctionnaires, commissaires et recenseurs |
| 246 | 30|aCinquième recensement du Canada 1911, instructions à l'usage des fonctionnaires, commissaires et recenseurs |
| 260 | |aOttawa : |b[Bureau du recensement et de la statistique], |c1911. |
| 300 | |a72, 74 p. |
| 500 | |aPublication du recensement historique numérisée en 2009 par Statistique Canada. |
| 500 | |aTitre de la p. de t. addit. : Cinquième recensement du Canada 1911, instructions à l'usage des fonctionnaires, commissaires et recenseurs. |
| 500 | |a« Approuvées par Arrêté en Conseil du 31 mars 1911. » |
| 520 | 0 |aComprend: Les instructions à l'usages des fonctionnaires, commissaires et recenseurs; Appendice I, Nomenclature bertillon ou internationale des maladies; Appendice I [sic], Extraits de la Loi du recensement et des statistiques. |
| 546 | |aTexte en anglais et en français. Texte en français suit le texte anglais. |
| 692 | 07|2gccst|aRecensement |
| 692 | 07|2gccst|aManuel |
| 710 | 1 |aCanada.|bBureau du recensement et de la statistique. |
| 710 | 2 |aStatistique Canada. |
| 791 | |tFifth census of Canada 1911, instructions to officers, commissioners and enumerators |eeng|w(CaOODSP)9.828421 |
| 856 | 40|qPDF|s5.11 Mo|uhttps://publications.gc.ca/collections/collection_2016/statcan/CS98-1911I-2.pdf |